| 000 | 00474nam a2200181 a 4500 | ||
|---|---|---|---|
| 005 | 20140310183148.0 | ||
| 008 | 030201s19uu xx 00 eng d | ||
| 020 | _a0385049900 | ||
| 050 |
_aRC 660 _b.B792 1976 |
||
| 100 | _aBoylan, Brian | ||
| 245 |
_aThe New way to resolve diabetes / _cBrian Boylan. |
||
| 260 |
_aNew York : _bDolphin Books, _c1976. |
||
| 300 |
_a140 p. : _c18 cm. |
||
| 521 | _aNUR | ||
| 650 | _aDiabetes | ||
| 942 |
_cBK _2lcc _kFOR |
||
| 999 |
_c19593 _d19593 |
||